Vista normal
Vista MARC
Entrada Nombre personal
Número de registros utilizados en: 14
001 - NÚMERO DE CONTROL
- Campo de control: 6431
003 - IDENTIFICADOR DE NÚMERO DE CONTROL
- Campo de control: ES-MaCES
005 - FECHA Y HORA DE LA ULTIMA MODIFICACION
- Campo de control: 20060818112400.0
008 - ELEMENTOS DE DATOS DE LONGITUD FIJA
- Campo de longitud fija: 981123 | azznnaabn || aaa d
035 ## - NÚMERO DE CONTROL DEL SISTEMA
- Número de control del sistema: CES19980026277n
040 ## - FUENTE DE LA CATALOGACIÓN
- Agencia original de catalogación: ES-MaCES
- Idioma de catalogación: spa
- Agencia de transcripción: ES-MaCES
100 1# - ENCABEZAMIENTO--NOMBRE DE PERSONA
- Nombre personal: Arango, Joaquín
400 1# - TRAZADO VEÁSE--NOMBRE DE PERSONA
- Nombre personal: Arango Vila-Belda, Joaquín
670 ## - FUENTE DE DATOS ENCONTRADOS
- Fuente de citación: Biblioteca Nacional y Rebiun
- Información encontrada: : no confundir con Joaquín Arango Vila-Belda
901 ## - CES. DATOS SIRTEX
- ID Sirtex (N5N8): 0001500002627
- 005BIS Sirtex: 199811231835MIG

